| 000 | 00505nam a22001817a 4500 | ||
|---|---|---|---|
| 010 | _a044936 | ||
| 035 | _a044936 | ||
| 037 | _bCen Lib / Ret | ||
| 040 |
_aDPL _bEn |
||
| 082 |
_a720.5 _bARC |
||
| 245 |
_aArchitects' year book 5 / _cedited by Trevor Dannatt |
||
| 260 |
_aLondon _bElek Books Ltd _c1953 |
||
| 270 |
_aElek Books Ltd _bLondon |
||
| 300 |
_a293p ; _c27cm(Hb) |
||
| 650 |
_aArchitecture. _925172 |
||
| 700 |
_aDannatt, Trevor _9142139 |
||
| 942 |
_2ddc _cEN _h720.5 _mARC |
||
| 999 |
_c136327 _d136327 |
||